MAASAI MARA UNIVERSITY

LIBRARY CATALOGUE

Contact Us: +254 020 2685356/7 or 0774 057787

Box: 861-20500, NAROK, KENYA

Email: info@mmarau.ac.ke

_Operations and process management: principles and practice for strategic impact Slack Nigel (Record no. 8867)

MARC details
000 -LEADER
fixed length control field 00499nam a2200157Ia 4500
008 - FIXED-LENGTH DATA ELEMENTS--GENERAL INFORMATION
fixed length control field 151021s9999 xx 000 0 und d
020 ## - INTERNATIONAL STANDARD BOOK NUMBER
International Standard Book Number 273684264
050 ## - LIBRARY OF CONGRESS CALL NUMBER
Classification number TS 183 .O64 2006
245 ## - TITLE STATEMENT
Title _Operations and process management: principles and practice for strategic impact Slack Nigel
260 ## - PUBLICATION, DISTRIBUTION, ETC. (IMPRINT)
Place of publication, distribution, etc. England Pearson Education 2006
300 ## - PHYSICAL DESCRIPTION
Extent xxv,521p,ill
500 ## - GENERAL NOTE
General note Includes index
650 ## - SUBJECT ADDED ENTRY--TOPICAL TERM
Topical term or geographic name as entry element _Operation Strategy
700 ## - ADDED ENTRY--PERSONAL NAME
Personal name _Stuart Chambers
980 ## - EQUIVALENCE OR CROSS-REFERENCE-SERIES STATEMENT--PERSONAL NAME/TITLE [LOCAL, CANADA]
Personal name ^d20120306 03:32:21^oanne

No items available.

© 2016 Maasai Mara University.